| 000 | 01113nam a2200313Ia 4500 | ||
|---|---|---|---|
| 003 | OSt | ||
| 005 | 20221006155840.0 | ||
| 006 | a|||||r|||| 00| 0 | ||
| 007 | ta | ||
| 008 | 221006b |||||||| |||| 00| 0 eng d | ||
| 020 |
_a9780415666183 _c¥5663 |
||
| 024 | _a43,672 | ||
| 037 |
_bGift, Japan Foundation _cTextual |
||
| 040 |
_aEASL _cEASL _beng |
||
| 041 |
_2eng _aeng |
||
| 082 | _aV42:1958,(zP), P9 | ||
| 100 |
_aBukh Alexander _9670594 |
||
| 245 | 0 | _aJapan's National Identity and Foreign Policy | |
| 260 |
_aLondon _bRoutledge _c2009 |
||
| 300 |
_a190p. _ccm. |
||
| 490 |
_v JEL _aSheffield Centre for Japanese Studies / Routledge Series |
||
| 650 |
_a Armed Forces - Procurement - Case studies _9670595 |
||
| 650 |
_a Defense Contracts - Government policy _9670596 |
||
| 650 |
_a Defense contracts - Government policy - Case studies _9670597 |
||
| 650 |
_a Defense industries - Government policy _9670598 |
||
| 650 |
_aArmed - Forces - Procurement _9670599 |
||
| 942 |
_hV42:1958,(zP), P9 _cTEXL _2CC |
||
| 999 |
_c1111758 _d1111758 |
||